Protocolo de seguridad para Excavaciones de Cimentaciones en Cotuí / (Registro nro. 24186)

Detalles MARC
000 -LEADER
fixed length control field 03500nam a22002897a 4500
003 - CONTROL NUMBER IDENTIFIER
control field DO-CoUTE
005 - DATE AND TIME OF LATEST TRANSACTION
control field 20260514124240.0
008 - FIXED-LENGTH DATA ELEMENTS--GENERAL INFORMATION
fixed length control field 260514b dr ||||| |||| 00| 0 spa d
040 ## - CATALOGING SOURCE
Original cataloging agency DO-CoUTE
Language of cataloging spa
Transcribing agency DO-CoUTE
041 ## - LANGUAGE CODE
Language code of text/sound track or separate title spa
092 ## - LOCALLY ASSIGNED DEWEY CALL NUMBER (OCLC)
Classification number ING 2025 D41
100 1# - MAIN ENTRY--PERSONAL NAME
Personal name Diaz Almánzar, Rodolfo
Relator term Sustentante
245 10 - TITLE STATEMENT
Title Protocolo de seguridad para Excavaciones de Cimentaciones en Cotuí /
Statement of responsibility, etc. Rodolfo Diaz Almánzar, Realneriz Romero Jerez, Emmanuel Parra Paredes, Héctor Porfirio García Valdez ; Asesor, Rafael Eugenio Robles
260 ## - PUBLICATION, DISTRIBUTION, ETC.
Place of publication, distribution, etc. Cotuí, República Dominicana ;
Name of publisher, distributor, etc. UTECO,
Date of publication, distribution, etc. 2025
300 ## - PHYSICAL DESCRIPTION
Extent 88 Paginas :
Other physical details Gráficos ;
Dimensions 23cm,
Accompanying material + 1 CD-ROM
502 ## - DISSERTATION NOTE
Dissertation note Trabajo de Grado (Ingeniero Civil ) Universidad Tecnológica del Cibao Oriental, 2025.
504 ## - BIBLIOGRAPHY, ETC. NOTE
Bibliography, etc. note Incluye referencia bibliográfica e índice.<br/>
520 ## - SUMMARY, ETC.
Summary, etc. El presente proyecto tuvo como objetivo, establecer un protocolo de seguridad para<br/>Excavaciones de Cimentaciones en Cotuí. En este orden, tomando como punto de partida<br/>el diagnóstico realizado, cuyo objetivo general consistió en “identificar y caracterizar la<br/>situación actual en materia de seguridad durante la ejecución de excavaciones para<br/>cimentaciones en el municipio de Cotuí”, se identificó como principal problemática<br/>“Carencia de protocolos escritos documentados”. Por tanto, se elaboró una propuesta de<br/>solución de problema cuyo objetivo general consistió en “Desarrollar protocolos escritos y<br/>documentados de seguridad para las excavaciones de cimentaciones en Cotuí, con el fin de<br/>garantizar la integridad física de los trabajadores y el cumplimiento de las normas de<br/>seguridad laboral”.<br/>Luego de elaborar la propuesta de solución de la problemática y establecer el diseño<br/>del referido protocolo, el equipo investigador llegó a las siguientes conclusiones: El<br/>protocolo contribuye al fortalecimiento de la sostenibilidad y la responsabilidad social de<br/>las obras en Cotuí. Además de la seguridad, el documento promueve prácticas responsables<br/>en el manejo de residuos, control de aguas subterráneas y reducción del impacto ambiental,<br/>lo cual favorece el cumplimiento de la legislación ambiental dominicana y mejora la<br/>percepción comunitaria hacia los proyectos de construcción.<br/>La capacitación y sensibilización del personal es un elemento imprescindible para<br/>garantizar la efectividad del protocolo. Ningún procedimiento escrito tendrá impacto si los<br/>trabajadores y supervisores no lo comprenden ni lo aplican adecuadamente. Por tanto, se<br/>concluye que el protocolo debe acompañarse de programas formativos, talleres periódicos<br/>y mecanismos de evaluación continua del desempeño en seguridad.<br/>El protocolo debe considerarse un documento vivo sujeto a mejoras. Debido a la<br/>naturaleza dinámica del sector construcción, los cambios tecnológicos y las condiciones<br/>geotécnicas variables del municipio, el protocolo requiere revisiones periódicas,<br/>actualizaciones normativas e incorporación de buenas prácticas basadas en la experiencia<br/>acumulada.<br/>
650 #4 - SUBJECT ADDED ENTRY--TOPICAL TERM
Topical term or geographic name entry element Protocolo de seguridad
700 1# - ADDED ENTRY--PERSONAL NAME
Personal name Rodolfo Diaz Almánzar
Relator term Sustentante
700 1# - ADDED ENTRY--PERSONAL NAME
Personal name Realneriz Romero Jerez
Relator term Sustentante
700 1# - ADDED ENTRY--PERSONAL NAME
Personal name Realneriz Romero Jerez
Relator term Sustentante
700 1# - ADDED ENTRY--PERSONAL NAME
Personal name Rafael Eugenio Robles
Relator term Asesor
830 ## - SERIES ADDED ENTRY--UNIFORM TITLE
Uniform title Tesis y disertaciones académicas (Universidad Tecnológica del Cibao Oriental)
856 ## - ELECTRONIC LOCATION AND ACCESS
Link text Haga Click Aquí para Descargar en Texto Completo
942 ## - ADDED ENTRY ELEMENTS (KOHA)
Source of classification or shelving scheme Dewey Decimal Classification
Koha item type Tesis
Existencias
Withdrawn status Lost status Source of classification or shelving scheme Damaged status Not for loan Collection code Home library Current library Shelving location Date acquired Inventory number Total Checkouts Full call number Barcode Date last seen Copy number Price effective from Koha item type
    Dewey Decimal Classification     e-Tesis (en CD) Biblioteca UTECO Biblioteca UTECO En Estantería 05/14/2026 24186   ING 2025 D41 24186 05/14/2026 Ej.1 05/14/2026 Tesis
© 2021 Derechos Reservados UTECO - Teléfono: +1 809-585-2291 - Correo electrónico: biblioteca@uteco.edu.do​  
Código postal 43000 ​​
Dirección: Avenida Universitaria No. 100, 
Cotuí, Provincia Sánchez Ramírez, República Dominicana - RNC: 404-00059-6